World trade in agricultural products: (Record no. 89861)
[ view plain ]
| 000 -LEADER | |
|---|---|
| fixed length control field | 01133cam a22002891 4500 |
| 001 - CONTROL NUMBER | |
| control field | sd 40000218 |
| 003 - CONTROL NUMBER IDENTIFIER | |
| control field | DLC |
| 005 - DATE AND TIME OF LATEST TRANSACTION | |
| control field | 20260227112733.0 |
| 008 - FIXED-LENGTH DATA ELEMENTS--GENERAL INFORMATION | |
| fixed length control field | 790917s1940 it a 000 0 eng |
| 010 ## - LIBRARY OF CONGRESS CONTROL NUMBER | |
| LC control number | sd 40000218 |
| 035 ## - SYSTEM CONTROL NUMBER | |
| System control number | (OCoLC)5378723 |
| 040 ## - CATALOGING SOURCE | |
| Original cataloging agency | DLC |
| Transcribing agency | ArU |
| Modifying agency | MnSU |
| -- | DLC |
| 042 ## - AUTHENTICATION CODE | |
| Authentication code | premarc |
| 050 00 - LIBRARY OF CONGRESS CALL NUMBER | |
| Classification number | HD9000.4 |
| Item number | .B3 |
| 100 1# - MAIN ENTRY--PERSONAL NAME | |
| Personal name | Bacon, Lois Bigelow, |
| Dates associated with a name | 1904- |
| 245 10 - TITLE STATEMENT | |
| Title | World trade in agricultural products: |
| Remainder of title | its growth; its crisis; and the new trade policies, |
| Statement of responsibility, etc. | by L. B. Bacon and F. C. Schloemer. |
| 260 ## - PUBLICATION, DISTRIBUTION, ETC. | |
| Place of publication, distribution, etc. | Rome, |
| Date of publication, distribution, etc. | 1940. |
| 300 ## - PHYSICAL DESCRIPTION | |
| Extent | xix, 1102 p. |
| Other physical details | tables. |
| Dimensions | 25 cm. |
| 500 ## - GENERAL NOTE | |
| General note | At head of title: International Institute of Agriculture. |
| 500 ## - GENERAL NOTE | |
| General note | The plan of the publication was first conceived by Dr. Henry C. Taylor, and carried out under his direction. cf. p.[v] |
| 505 0# - FORMATTED CONTENTS NOTE | |
| Formatted contents note | pt.I. Analysis of world trade by commodities. -- pt.II. By countries. |
| 650 #0 - SUBJECT ADDED ENTRY--TOPICAL TERM | |
| Topical term or geographic name entry element | Produce trade. |
| 650 #0 - SUBJECT ADDED ENTRY--TOPICAL TERM | |
| Topical term or geographic name entry element | Agriculture |
| Form subdivision | Statistics. |
| 700 1# - ADDED ENTRY--PERSONAL NAME | |
| Personal name | Schloemer, Friedrich C., |
| Relator term | joint author. |
| 700 1# - ADDED ENTRY--PERSONAL NAME | |
| Personal name | Taylor, Henry C. |
| Fuller form of name | (Henry Charles), |
| Dates associated with a name | 1873-1969. |
| 710 2# - ADDED ENTRY--CORPORATE NAME | |
| Corporate name or jurisdiction name as entry element | International Institute of Agriculture. |
No items available.